00826nam a22002051 4500001001300000003000400013005001700017008004100034010002200075040001700097050001500114110004800129245020800177260009400385300003000479500001700509650003800526710003900564999001700603l 62000083 DLC20260227111546.0840828s1962 dcua f00000 eng  al 62000083 //r84 aDLC/ICUcICU0 aQA11b.U4810aUnited States.bBureau of Labor Statistics.10aEmployment in professional mathematical work in industry and Government;breport on a 1960 survey prepared for the National Science Foundation in cooperation with the Mathematical Association of America.0 a[Washington,bFor sale by the Superintendent of Documents, U.S. Govt. Print. Off.,c1962] aix, 82 p.billus.c26 cm. a"NSF-62-12." 0aMathematicsxVocational guidance.20aNational Science Foundation (U.S.) c37080d37080